[Event "14. Open"]
[Site "?"]
[Date "2005.08.18"]
[Round "8"]
[White "Atalik Suat"]
[Black "Banikas Hristos"]
[Result "1/2-1/2"]
[WhiteElo "2561"]
[BlackElo "2548"]
[PlyCount "57"]
[EventDate "2005.??.??"]
[Source "www.chesslib.no"]
[SourceDate "2004.05.04"]

1. d4 d5 2. c4 e6 3. Nc3 Nf6 4. Bg5 Nbd7 5. e3 c6 6. a3 Be7 7. Nf3 O-O 8. Rc1 h6 9. Bh4 Ne4 10. Bxe7 Qxe7 11. Qc2 Ng5 12. Nd2 f5 13. Be2 f4 14. O-O fxe3 15. fxe3 Rxf1+ 16. Rxf1 Nf6 17. e4 e5 18. dxe5 Qxe5 19. cxd5 cxd5 20. exd5 Bg4 21. Nf3 Qe3+ 22. Kh1 Re8 23. d6 Nxf3 24. Bxf3 Bxf3 25. gxf3 Rd8 26. Qb3+ Kh7 27. Qxb7 Rxd6 28. Qb5 Rd2 29. Qf5+ 1/2-1/2

[Event "IX Open"]
[Site "Dubai EAU"]
[Date "2007.04.27"]
[Round "6"]
[White "Mchedlishvili, M."]
[Black "Handoko, E."]
[Result "1/2-1/2"]
[WhiteElo "2609"]
[BlackElo "2441"]
[PlyCount "54"]
[EventDate "2007.04.22"]
[Source "www.chesslib.no"]
[SourceDate "2004.05.04"]

1. d4 d5 2. c4 e6 3. Nc3 Nf6 4. Bg5 Nbd7 5. e3 c6 6. Bd3 Qa5 7. Bh4 dxc4 8. Bxc4 Nb6 9. Bd3 Nfd5 10. Nge2 Bb4 11. Qc2 Na4 12. Rc1 e5 13. O-O Naxc3 14. bxc3 Ba3 15. Rb1 Be7 16. Bg3 exd4 17. cxd4 Nb4 18. Qd2 Qxa2 19. Rb2 Qa3 20. Bc4 b5 21. Bb3 O-O 22. Nc3 Qa6 23. Ne4 Qb6 24. Bd6 Bxd6 25. Nxd6 a5 26. e4 Be6 27. Rc1 Bxb3 1/2-1/2

[Event "MK Cafe Cup-B"]
[Site "Koszalin"]
[Date "1999.08.06"]
[Round "4"]
[White "Tobak, Andrey"]
[Black "Kuzmin, Gennadi P"]
[Result "0-1"]
[WhiteElo "2421"]
[BlackElo "2518"]
[PlyCount "236"]
[EventDate "1999.08.03"]
[Source "www.chesslib.no"]
[SourceDate "2004.05.04"]

1. d4 d5 2. c4 e6 3. Nc3 Nf6 4. Bg5 Nbd7 5. e3 h6 6. Bh4 Be7 7. Nf3 O-O 8. Qb3 c6 9. Rd1 a5 10. c5 b6 11. cxb6 Qxb6 12. Qxb6 Nxb6 13. Rc1 Bb7 14. Bd3 Rfc8 15. Bxf6 gxf6 16. e4 c5 17. Ke2 Rab8 18. Rhd1 cxd4 19. Nxd4 dxe4 20. Nxe4 Nd5 21. g3 Nb4 22. Rxc8+ Bxc8 23. Bc4 Bb7 24. Nc3 Nc6 25. Nxc6 Bxc6 26. b3 f5 27. a4 Bb4 28. Nb5 Kf8 29. Nd4 Be4 30. Nf3 Bc3 31. Rc1 Bb2 32. Rd1 Ke7 33. Ne1 Rd8 34. Nd3 Bd4 35. Rc1 Rc8 36. Rd1 Bb6 37. Ne5 Rd8 38. Rc1 Bc7 39. Nd3 Bd6 40. Rd1 Rg8 41. Rc1 h5 42. Bb5 h4 43. Ke3 Rd8 44. Bc4 Kf6 45. Ke2 Rh8 46. Rd1 Ke7 47. Rc1 hxg3 48. hxg3 Rh2 49. Rg1 Bc7 50. Nc5 Bb6 51. Nxe4 fxe4 52. Rf1 e3 53. Kf3 exf2 54. Rd1 Rh5 55. Kg2 Re5 56. Bf1 f5 57. Rd3 Re4 58. Rc3 Kd6 59. Rc4 Re1 60. b4 axb4 61. Rxb4 Bc5 62. Rb5 Ra1 63. Ra5 Kd5 64. Ra8 Kd4 65. a5 e5 66. a6 Ke3 67. Rc8 Ra5 68. Rd8 Bd4 69. Rf8 Ke4 70. Rf7 Ra3 71. Rf8 Ra1 72. Rf7 Ra5 73. Rf8 Ra3 74. Rf7 f4 75. gxf4 exf4 76. Re7+ Kf5 77. Rd7 Rg3+ 78. Kh2 Be5 79. Rf7+ Kg6 80. a7 Ra3 81. Rd7 f3+ 82. Kh3 Ra1 83. Kg4 Rxf1 84. Kxf3 Ra1 85. Kxf2 Kf5 86. Ke3 Ra3+ 87. Kd2 Ke4 88. Re7 Kd5 89. Rd7+ Kc4 90. Ke2 Bd4 91. Rc7+ Bc5 92. Rh7 Bxa7 93. Rd7 Re3+ 94. Kf1 Bd4 95. Kg2 Kd3 96. Rf7 Ke4 97. Rb7 Re2+ 98. Kh3 Be5 99. Rf7 Ra2 100. Kg4 Rg2+ 101. Kh3 Rg6 102. Ra7 Bf4 103. Ra3 Be3 104. Ra4+ Kf3 105. Rb4 Rg1 106. Rb2 Rg4 107. Ra2 Rb4 108. Rg2 Bf2 109. Rg3+ Ke2 110. Rg4 Rb1 111. Rf4 Rg1 112. Rf7 Rg3+ 113. Kh2 Kf1 114. Rh7 Rf3 115. Rh5 Be3 116. Rh4 Bg5 117. Rh7 Bf4+ 118. Kh1 Rg3 0-1

[Event "RUS-Cup4"]
[Site "Perm"]
[Date "1997.??.??"]
[Round "1"]
[White "Irzhanov, Ruslan"]
[Black "Kozlov, Oleg"]
[Result "0-1"]
[WhiteElo "2550"]
[BlackElo "2380"]
[PlyCount "102"]
[EventDate "1997.02.02"]
[Source "ChessBase"]

1. d4 d5 2. c4 e6 3. Nc3 Nf6 4. Bg5 Nbd7 5. e3 c6 6. Bd3 Qa5 7. Bh4 dxc4 8. Bxc4 c5 9. Nge2 cxd4 10. exd4 Be7 11. O-O O-O 12. Rc1 Nb6 13. Bd3 Qh5 14. Bg3 Bd7 15. Qb3 Rac8 16. Nf4 Qa5 17. a3 Rfd8 18. Rfe1 Bd6 19. Bb1 Ba4 20. Qa2 Be8 21. b4 Qg5 22. Nce2 Rxc1 23. Rxc1 Bb8 24. Nh3 Qh6 25. f4 Nbd5 26. Nc3 Nxf4 27. Bxf4 Bxf4 28. Rd1 Be3+ 29. Kh1 Bc6 30. b5 Bd5 31. Qe2 Bxd4 32. Rxd4 Qc1+ 33. Rd1 Qxc3 34. Nf4 Qc7 35. Qe3 Qb8 36. Rc1 Ng4 37. Qg3 Nf6 38. Qh4 Kf8 39. Bxh7 Qe5 40. Bb1 Ke7 41. Qf2 b6 42. a4 Ba8 43. h3 Rd4 44. Nd3 Qd6 45. Rc7+ Qxc7 46. Qxd4 Qg3 47. Nf4 Nh5 48. Qb4+ Ke8 49. Qc4 Qxf4 50. Qc8+ Ke7 51. Qxa8 Ng3+ 0-1

[Event "Vinkovci"]
[Site "Vinkovci"]
[Date "1982.??.??"]
[Round "1"]
[White "Plachetka, Jan"]
[Black "Kovacevic, Vlatko"]
[Result "1/2-1/2"]
[WhiteElo "2435"]
[BlackElo "2495"]
[PlyCount "79"]
[EventDate "1982.04.??"]
[Source "ChessBase"]

1. d4 d5 2. c4 e6 3. Nc3 Nf6 4. Bg5 Nbd7 5. e3 Bb4 6. cxd5 exd5 7. Qc2 c5 8. Nf3 Qa5 9. Bd3 c4 10. Bf5 O-O 11. O-O Re8 12. a3 Bxc3 13. Qxc3 Qxc3 14. bxc3 h6 15. Bh4 g5 16. Bg3 Nb6 17. Bc2 Ne4 18. Bxe4 dxe4 19. Nd2 Bd7 20. f3 exf3 21. Rxf3 Bc6 22. e4 Bxe4 23. Nxe4 Rxe4 24. Raf1 Rf8 25. Bd6 Rd8 26. Bc7 Rd7 27. Bxb6 axb6 28. Rf6 Re3 29. R1f3 Rxf3 30. gxf3 Rd5 31. Rxh6 Ra5 32. Rxb6 Rxa3 33. Rxb7 Rxc3 34. Rc7 Rxf3 35. Rxc4 Kg7 36. d5 f5 37. Rd4 Rh3 38. d6 Rh8 39. d7 Rd8 40. Rd6 1/2-1/2

[Event "Kecskemet"]
[Site "Kecskemet"]
[Date "1991.??.??"]
[Round "8"]
[White "Chekhov, Valery A"]
[Black "Mathe, Gaspar"]
[Result "1/2-1/2"]
[WhiteElo "2515"]
[BlackElo "2405"]
[PlyCount "94"]
[EventDate "1991.04.??"]
[Source "ChessBase"]

1. d4 d5 2. c4 e6 3. Nc3 Nf6 4. Bg5 Nbd7 5. e3 c6 6. Qc2 Qa5 7. Bh4 Bb4 8. Bd3 dxc4 9. Bxc4 e5 10. Nf3 exd4 11. exd4 O-O 12. O-O Bd6 13. Rfe1 Qh5 14. Bb3 b6 15. Ne4 Nxe4 16. Qxe4 Bb7 17. Re3 Rab8 18. g4 Qh6 19. Bg5 Nf6 20. Bxh6 Nxe4 21. Rxe4 gxh6 22. Nh4 Rbe8 23. Rae1 Rxe4 24. Rxe4 Bc8 25. Nf3 Kg7 26. Ne5 f5 27. gxf5 Bxf5 28. Re3 c5 29. Nc6 Bd7 30. d5 b5 31. Bc2 a6 32. Kg2 Re8 33. b3 Kf6 34. Rf3+ Kg7 35. Re3 Rf8 36. a4 Bf5 37. Bd3 Bxd3 38. Rxd3 Rf4 39. axb5 axb5 40. Na7 Rg4+ 41. Kh3 Rb4 42. Nc8 c4 43. bxc4 bxc4 44. Rd1 Bf4 45. d6 c3 46. d7 Bg5 47. Rd5 c2 1/2-1/2

[Event "Rubinstein Memorial"]
[Site "Polanica Zdroj POL"]
[Date "1989.??.??"]
[Round "10"]
[White "Tseitlin, Michael S"]
[Black "Matlak, Marek"]
[Result "1/2-1/2"]
[WhiteElo "2460"]
[BlackElo "2420"]
[PlyCount "120"]
[EventDate "1989.08.??"]
[Source "www.chesslib.no"]
[SourceDate "2004.05.04"]

1. d4 d5 2. c4 e6 3. Nc3 Nf6 4. Bg5 Nbd7 5. e3 c6 6. Qc2 Qa5 7. Bxf6 Nxf6 8. Nf3 Be7 9. Bd3 O-O 10. O-O dxc4 11. Bxc4 c5 12. Rad1 Bd7 13. d5 exd5 14. Nxd5 Nxd5 15. Rxd5 Qc7 16. Rfd1 Rad8 17. Ne5 Be6 18. Rxd8 Rxd8 19. Rxd8+ Bxd8 20. f4 Bxc4 21. Qxc4 Bf6 22. Nd3 b6 23. a4 Qd7 24. b3 g6 25. h3 h5 26. Kf2 Kf8 27. Qe4 Kg7 28. Ke2 Ba1 29. Kf3 Bf6 30. g4 hxg4+ 31. hxg4 Qd8 32. g5 Ba1 33. Ke2 Qd7 34. Nf2 Kf8 35. Qh1 Bc3 36. Qa8+ Kg7 37. Ne4 Ba1 38. Nf2 c4 39. bxc4 Qxa4 40. Qd5 Qc2+ 41. Kf3 Qc1 42. e4 Qc3+ 43. Nd3 Qd4 44. Ne5 Qxd5 45. exd5 Kf8 46. Ke4 Ke8 47. d6 a5 48. Kd3 Bb2 49. Kc2 Ba3 50. d7+ Ke7 51. Nxf7 Kxd7 52. Ne5+ Ke6 53. Nxg6 Bd6 54. Kb3 Kf5 55. Ne5 Bxe5 56. fxe5 Kxg5 57. Ka4 Kf5 58. Kb5 Kxe5 59. c5 bxc5 60. Kxc5 a4 1/2-1/2

[Event "Elekes mem"]
[Site "Budapest"]
[Date "1989.??.??"]
[Round "?"]
[White "Zysk, Robert"]
[Black "Schoen, Wolfram"]
[Result "1-0"]
[WhiteElo "2455"]
[BlackElo "2405"]
[PlyCount "118"]
[EventDate "1989.06.??"]
[Source "ChessBase"]

1. d4 d5 2. c4 e6 3. Nc3 Nf6 4. Bg5 Nbd7 5. e3 Bb4 6. cxd5 exd5 7. Bd3 c5 8. Nge2 c4 9. Bc2 O-O 10. O-O Qa5 11. a3 Bd6 12. Bf4 Qb6 13. a4 a6 14. b3 Rd8 15. Rb1 Qc7 16. Bxd6 Qxd6 17. bxc4 dxc4 18. e4 Qc7 19. Qc1 Nf8 20. e5 Ne8 21. Be4 Rb8 22. Nd5 Rxd5 23. Bxd5 b5 24. axb5 axb5 25. Qa3 Bf5 26. Rb2 Bd3 27. Qb4 Qd7 28. Bf3 Bxe2 29. Bxe2 Qxd4 30. Bxc4 Qxe5 31. Re1 Qf4 32. g3 Qf6 33. Re4 Ng6 34. Rd2 Qc6 35. Bb3 Nf6 36. Re1 Rf8 37. h4 h5 38. Bc2 Re8 39. Rxe8+ Qxe8 40. Bxg6 fxg6 41. Rb2 Ng4 42. Qxb5 Qe1+ 43. Qf1 Qc3 44. Qe2 Kh7 45. Rb8 Ne5 46. Qe4 Nf3+ 47. Kg2 Ne1+ 48. Kf1 Nf3 49. Qe8 Qc4+ 50. Kg2 Nxh4+ 51. gxh4 Qg4+ 52. Kf1 Qc4+ 53. Qe2 Qxh4 54. Qe6 Qf4 55. Qg8+ Kh6 56. Rb5 Qc1+ 57. Kg2 Qc6+ 58. Rd5 g5 59. Qd8 Qb7 1-0

[Event "Groningen op"]
[Site "Groningen"]
[Date "1990.??.??"]
[Round "4"]
[White "Kindl, Peter"]
[Black "Blatny, Pavel"]
[Result "1/2-1/2"]
[WhiteElo "2335"]
[BlackElo "2510"]
[PlyCount "109"]
[EventDate "1990.12.??"]
[Source "ChessBase"]

1. d4 d5 2. c4 e6 3. Nc3 Nf6 4. Bg5 Nbd7 5. e3 Bb4 6. cxd5 exd5 7. Bd3 c5 8. Nge2 c4 9. Bc2 Qa5 10. O-O O-O 11. a3 Bxc3 12. Nxc3 Re8 13. Qd2 b5 14. f3 Bb7 15. Kh1 Qb6 16. Rae1 h6 17. Bh4 a5 18. e4 b4 19. Na4 Qb5 20. e5 Nh7 21. f4 Nhf8 22. f5 c3 23. Qf2 Ba6 24. e6 fxe6 25. f6 Nxf6 26. Bxf6 gxf6 27. Qxf6 Re7 28. Rf3 Rg7 29. Nc5 bxa3 30. bxa3 Qb2 31. Rf2 Qb6 32. h4 Qd6 33. Re3 Nd7 34. Nxd7 Qxd7 35. Bg6 c2 36. Bxc2 Qf7 37. Qxf7+ Rxf7 38. Rg3+ Rg7 39. Rxg7+ Kxg7 40. Kg1 Rc8 41. Ba4 Rc1+ 42. Kh2 Rc4 43. Bd7 Bc8 44. Bxc8 Rxc8 45. Rf3 Rc4 46. Rd3 Kf6 47. g4 e5 48. g5+ hxg5 49. hxg5+ Kxg5 50. dxe5 d4 51. Rf3 Rc3 52. Kg2 d3 53. Rf8 Rxa3 54. Kf2 d2 55. Ke2 1/2-1/2

[Event "DSU"]
[Site "?"]
[Date "1997.05.20"]
[Round "?"]
[White "Oksanen Yrjoe (FIN)"]
[Black "Strand Karl Wilhelm (NOR)"]
[Result "1-0"]
[WhiteElo "2390"]
[BlackElo "2445"]
[PlyCount "111"]
[EventDate "1997.??.??"]
[Source "www.chesslib.no"]
[SourceDate "2004.05.04"]

1. d4 d5 2. c4 e6 3. Nc3 Nf6 4. Bg5 Nbd7 5. e3 c6 6. Bd3 Qa5 7. Bh4 dxc4 8. Bxc4 b5 9. Bd3 Bb7 10. Nf3 Bb4 11. O-O a6 12. a4 Qb6 13. Qc2 h6 14. Rfc1 O-O 15. Ne4 Nd5 16. Bg3 Be7 17. Qb3 Rfe8 18. Nd6 Bxd6 19. Bxd6 Rac8 20. e4 N5f6 21. Qc3 Qd8 22. e5 Nh7 23. Nd2 Nb6 24. b3 f5 25. Bf1 Ng5 26. Bc5 Nd7 27. Bb4 Nf7 28. Be2 Kh7 29. Bf3 Ng5 30. Bh5 g6 31. Bd1 Nf7 32. Nf3 Rg8 33. Ne1 Ng5 34. f3 Nf7 35. Nd3 Qe8 36. Qd2 Qd8 37. axb5 axb5 38. f4 Ra8 39. Ba5 Qe7 40. Bf3 Rgc8 41. g3 g5 42. Bg2 g4 43. Nb4 Nd8 44. Qc3 Qe8 45. Bxd8 Qxd8 46. Rxa8 Bxa8 47. Nd3 Bb7 48. Qb4 Nb6 49. Nc5 Qe7 50. Qa5 Nd5 51. Bxd5 cxd5 52. Qxb5 Rc7 53. Ra1 Bc8 54. b4 Ra7 55. Rxa7 Qxa7 56. Qa5 1-0

[Event "Edinburgh Open"]
[Site "Ednburgh"]
[Date "1989.03.25"]
[Round "2"]
[White "Thomson, Craig S M"]
[Black "Condie, Mark L"]
[Result "1/2-1/2"]
[WhiteElo "2345"]
[BlackElo "2450"]
[PlyCount "35"]
[EventDate "1989.03.24"]
[Source "www.chesslib.no"]
[SourceDate "2004.05.04"]

1. d4 d5 2. c4 e6 3. Nc3 Nf6 4. Bg5 Nbd7 5. e3 h6 6. Bh4 Be7 7. cxd5 Nxd5 8. Bxe7 Qxe7 9. Nxd5 exd5 10. Bd3 O-O 11. Ne2 Nf6 12. Qc2 c6 13. O-O Ne4 14. b4 Bd7 15. Rab1 Rac8 16. Bxe4 Qxe4 17. Qa4 Ra8 18. Qa5 1/2-1/2

[Event "Linares op"]
[Site "Linares"]
[Date "1995.??.??"]
[Round "?"]
[White "Komljenovic, Davor"]
[Black "Vila Dupla, Aurelio"]
[Result "1-0"]
[WhiteElo "2465"]
[BlackElo "2320"]
[PlyCount "53"]
[EventDate "1995.01.??"]
[Source "ChessBase"]

1. d4 d5 2. c4 e6 3. Nc3 Nf6 4. Bg5 Nbd7 5. e3 c6 6. Bd3 dxc4 7. Bxc4 Qa5 8. Bh4 b5 9. Bd3 Bb7 10. Nf3 a6 11. a3 c5 12. Bxf6 gxf6 13. O-O c4 14. Be4 Bxe4 15. Nxe4 f5 16. Nc3 Bg7 17. d5 Qb6 18. dxe6 fxe6 19. Nd4 Nf6 20. a4 Rd8 21. axb5 axb5 22. Ncxb5 O-O 23. Qa4 Ne4 24. Qxc4 Bxd4 25. Nxd4 Rd5 26. Ra6 Qxb2 27. Nxe6 1-0

[Event "GMA-Open"]
[Site "Belgrade SCG"]
[Date "1988.??.??"]
[Round "?"]
[White "Vuruna, Miodrag"]
[Black "Rukavina, Josip"]
[Result "1/2-1/2"]
[WhiteElo "2320"]
[BlackElo "2455"]
[PlyCount "116"]
[EventDate "1988.12.??"]
[Source "www.chesslib.no"]
[SourceDate "2004.05.04"]

1. d4 d5 2. c4 e6 3. Nc3 Nf6 4. Bg5 Nbd7 5. e3 h6 6. Bh4 Be7 7. Qc2 O-O 8. cxd5 exd5 9. Bd3 c6 10. Nge2 Re8 11. f3 c5 12. O-O cxd4 13. exd4 Nb6 14. b3 Bd7 15. a4 Rc8 16. Qb2 Bc6 17. Nb5 a6 18. Na7 Rc7 19. Nxc6 Rxc6 20. Rac1 Rxc1 21. Rxc1 Nh5 22. Bxe7 Qxe7 23. Qd2 Rc8 24. Bc2 g6 25. g3 Nd7 26. Bd1 Rxc1 27. Qxc1 Kg7 28. Kf2 Nf8 29. Qe3 Qxe3+ 30. Kxe3 Ne6 31. Nc3 Nc7 32. a5 Nf6 33. b4 Kf8 34. Ba4 Ke7 35. h4 g5 36. Bc2 Nfe8 37. h5 Nd6 38. g4 Nc4+ 39. Ke2 Nd6 40. Bb3 Ke6 41. Na4 Kd7 42. Ke3 Kc6 43. Nc3 Ndb5 44. Ba4 Kd6 45. Ne2 Ke6 46. Ng3 Nd6 47. Bc2 Ncb5 48. Bb3 Na7 49. Ne4 Nc6 50. Nc5+ Ke7 51. Bxd5 Nxb4 52. Bxb7 Nc4+ 53. Ke2 Nxa5 54. Bxa6 Nac6 55. Ke3 Nc2+ 56. Ke4 N2xd4 57. Bb7 Kd6 58. Nd3 Nd8 1/2-1/2

[Event "Catalunya ch"]
[Site "?"]
[Date "1994.??.??"]
[Round "?"]
[White "Gil, JM."]
[Black "Moreno, J."]
[Result "0-1"]
[WhiteElo "2425"]
[BlackElo "2335"]
[PlyCount "42"]
[EventDate "1994.??.??"]
[Source "www.chesslib.no"]
[SourceDate "2004.05.04"]

1. d4 d5 2. c4 e6 3. Nc3 Nf6 4. Bg5 Nbd7 5. e3 Bb4 6. cxd5 exd5 7. Bd3 c5 8. Nge2 cxd4 9. Nxd4 Bxc3+ 10. bxc3 Qa5 11. O-O Ne4 12. Bh4 O-O 13. c4 Ne5 14. Nb3 Qc3 15. Bxe4 dxe4 16. Rc1 Qb4 17. Qd4 Re8 18. c5 Nc6 19. Qxb4 Nxb4 20. a3 Nd3 21. Rc3 Be6 0-1

[Event "Tallinn-B"]
[Site "Tallinn EST"]
[Date "1989.??.??"]
[Round "?"]
[White "Eslon, Jaan"]
[Black "Vooremaa, Andres"]
[Result "1/2-1/2"]
[WhiteElo "2365"]
[BlackElo "2390"]
[PlyCount "120"]
[EventDate "1989.04.??"]
[Source "www.chesslib.no"]
[SourceDate "2004.05.04"]

1. d4 d5 2. c4 e6 3. Nc3 Nf6 4. Bg5 Nbd7 5. e3 c6 6. a3 Be7 7. Nf3 O-O 8. Qc2 h6 9. Bh4 a5 10. cxd5 Nxd5 11. Bg3 Nxc3 12. Qxc3 a4 13. Rd1 Qb6 14. Bd3 c5 15. O-O cxd4 16. exd4 Nf6 17. Ne5 Bd7 18. Nxd7 Nxd7 19. Qc7 Qxc7 20. Bxc7 Rfc8 21. Rc1 Nc5 22. dxc5 Rxc7 23. Rfd1 Ra5 24. Kf1 g6 25. Rc4 Rcxc5 26. Rxc5 Rxc5 27. Ke2 Bg5 28. Rb1 Rc1 29. Rxc1 Bxc1 30. Be4 b6 31. Bc6 Bxb2 32. Bxa4 Bxa3 33. Kd3 Bc5 34. f3 Bg1 35. h3 h5 36. g4 hxg4 37. hxg4 g5 38. Ke4 Bh2 39. Kd4 Kg7 40. Ke4 Kf6 41. Bb5 Ke7 42. Ba4 Kd6 43. Be8 f6 44. Ba4 Bf4 45. Be8 Bc1 46. Ba4 Kc5 47. Bd7 Kd6 48. Ba4 Bb2 49. Be8 Be5 50. Ba4 Bg3 51. Be8 Bf4 52. Ba4 f5+ 53. gxf5 exf5+ 54. Kxf5 Kd5 55. Be8 Kd4 56. Bd7 Kc4 57. Be6+ Kd4 58. Bd7 Ke3 59. Bc6 b5 60. Bxb5 Kxf3 1/2-1/2

[Event "BL2-Sued 0203"]
[Site "?"]
[Date "2003.01.13"]
[Round "4.4"]
[White "Gerstner Wolfgang"]
[Black "Balzar Andreas"]
[Result "1-0"]
[WhiteElo "2374"]
[BlackElo "2381"]
[PlyCount "123"]
[EventDate "2003.??.??"]
[Source "www.chesslib.no"]
[SourceDate "2004.05.04"]

1. d4 d5 2. c4 e6 3. Nc3 Nf6 4. Bg5 Nbd7 5. e3 c6 6. Rc1 Qa5 7. Bh4 Ne4 8. cxd5 exd5 9. Bd3 Bb4 10. Nge2 O-O 11. a3 Bd6 12. O-O f5 13. Qc2 Rf7 14. f3 Nxc3 15. Nxc3 Nf8 16. Qd2 Qb6 17. Kh1 Be6 18. Na4 Qc7 19. Nc5 Re8 20. b4 Bc8 21. f4 Ng6 22. Bg3 Qe7 23. Bf2 a6 24. Rb1 Nf8 25. Be2 Nd7 26. Nd3 Nf6 27. Ne5 Ne4 28. Qb2 Rff8 29. Bd3 Be6 30. Be1 Rc8 31. Qe2 Qe8 32. Bxe4 dxe4 33. Bh4 Bd5 34. h3 Qe6 35. Rfc1 Bxe5 36. dxe5 b5 37. Rd1 Rf7 38. Kh2 Rd7 39. g4 Bc4 40. Qg2 Bd3 41. gxf5 Qxf5 42. Qg4 Qxg4 43. hxg4 Rd5 44. Rbc1 Kf7 45. Be1 c5 46. Kg3 g6 47. Bc3 Ke6 48. Rh1 Rd7 49. Bd4 c4 50. Bc3 Rf8 51. Rh2 Kd5 52. Rch1 Rff7 53. Rf2 Rf8 54. Rh6 Rg8 55. f5 gxf5 56. Rxf5 Rg6 57. Rf6 Be2 58. Rhxg6 hxg6 59. Rxg6 a5 60. bxa5 Bf3 61. a6 Kc5 62. a7 1-0

[Event "Mesa Open"]
[Site "Mesa"]
[Date "1992.??.??"]
[Round "?"]
[White "Barlov, Dragan"]
[Black "Perez Aleman, Pedro Tomys"]
[Result "1-0"]
[WhiteElo "2460"]
[BlackElo "2280"]
[PlyCount "85"]
[EventDate "1992.??.??"]
[Source "www.chesslib.no"]
[SourceDate "2004.05.04"]

1. d4 d5 2. c4 e6 3. Nc3 Nf6 4. Bg5 Nbd7 5. e3 Bb4 6. cxd5 exd5 7. Bd3 c5 8. Nge2 c4 9. Bc2 O-O 10. O-O Nb6 11. b3 cxb3 12. Bxb3 Be6 13. Qd3 Rc8 14. Rfc1 Re8 15. Nf4 Bxc3 16. Rxc3 Rxc3 17. Qxc3 Ne4 18. Bxd8 Nxc3 19. Bxb6 axb6 20. h4 Rc8 21. f3 Kf8 22. Rc1 Ke7 23. Bxd5 Nxd5 24. Nxd5+ Kd8 25. Rxc8+ Kxc8 26. Nb4 Bc4 27. Kf2 Kc7 28. Ke1 f6 29. g3 g5 30. Kd2 gxh4 31. gxh4 Kd6 32. e4 Ke7 33. Ke3 Kf7 34. Kf4 Kg6 35. a3 Kh5 36. Kg3 Be6 37. Nd3 Bc8 38. Nf4+ Kh6 39. Kf2 Bd7 40. Ke3 Bc8 41. d5 Bd7 42. Kd4 Kg7 43. Nh5+ 1-0

[Event "Zalakaros Open"]
[Site "Zalakaros"]
[Date "1991.??.??"]
[Round "6"]
[White "Karsa, Laszlo"]
[Black "Horvath, Peter"]
[Result "1/2-1/2"]
[WhiteElo "2400"]
[BlackElo "2335"]
[PlyCount "89"]
[EventDate "1991.05.??"]
[Source "www.chesslib.no"]
[SourceDate "2004.05.04"]

1. d4 d5 2. c4 e6 3. Nc3 Nf6 4. Bg5 Nbd7 5. e3 c6 6. a3 Be7 7. Nf3 O-O 8. Rc1 Ne4 9. Bxe7 Qxe7 10. Bd3 f5 11. O-O Rf6 12. Rc2 Rh6 13. g3 Ndf6 14. Ne5 Bd7 15. f3 Ng5 16. Ne2 Rf8 17. Nf4 Nf7 18. h4 Bc8 19. Nxf7 Rxf7 20. Be2 Ne8 21. Nh3 Nf6 22. Ng5 Rf8 23. Kf2 e5 24. dxe5 Qxe5 25. Qd4 Qxd4 26. exd4 f4 27. cxd5 fxg3+ 28. Kxg3 Bf5 29. Rc3 Nh5+ 30. Kf2 cxd5 31. Bd1 Rb6 32. Rb3 h6 33. Rxb6 axb6 34. f4 Nxf4 35. Nf3 Nd3+ 36. Kg3 Nxb2 37. Be2 Na4 38. Ne5 Nc3 39. Bh5 Be6 40. Rc1 Ne4+ 41. Kg2 Rf2+ 42. Kg1 Bh3 43. Bf3 Rd2 44. Rc7 g5 45. Rxb7 1/2-1/2

[Event "ASIGC 2000 A"]
[Site "ASIGC 2000 A"]
[Date "1995.??.??"]
[Round "?"]
[White "Tirabassi, Maurizio"]
[Black "Meleghegyi, Csaba"]
[Result "1/2-1/2"]
[WhiteElo "2330"]
[BlackElo "2400"]
[PlyCount "49"]
[EventDate "1995.??.??"]
[Source "www.chesslib.no"]
[SourceDate "2004.05.04"]

1. d4 d5 2. c4 e6 3. Nc3 Nf6 4. Bg5 Nbd7 5. e3 c6 6. Qc2 Qa5 7. cxd5 Nxd5 8. e4 Nxc3 9. Bd2 Qa4 10. Qxc3 a5 11. Nf3 Bb4 12. Qb3 Bxd2+ 13. Kxd2 Qb4+ 14. Qc3 O-O 15. Bd3 Qe7 16. Rac1 f5 17. exf5 Nf6 18. Qc5 Qd8 19. Rhe1 exf5 20. Re2 a4 21. Bc4+ Kh8 22. Ne5 Ne4+ 23. Rxe4 fxe4 24. Qxf8+ Qxf8 25. Nf7+ 1/2-1/2

[Event "Baden Ch"]
[Site "Kehl"]
[Date "1989.??.??"]
[Round "9"]
[White "Gerstner, Wolfgang"]
[Black "Schuh, Hubert"]
[Result "0-1"]
[WhiteElo "2365"]
[BlackElo "2360"]
[PlyCount "42"]
[EventDate "1989.??.??"]
[Source "www.chesslib.no"]
[SourceDate "2004.05.04"]

1. d4 d5 2. c4 e6 3. Nc3 Nf6 4. Bg5 Nbd7 5. e3 c6 6. Qc2 Bd6 7. Nf3 O-O 8. Rc1 Re8 9. Bd3 h6 10. Bh4 a6 11. cxd5 exd5 12. O-O Nf8 13. Nd2 Bxh2+ 14. Kxh2 Ng4+ 15. Kg3 g5 16. Bf5 gxh4+ 17. Kh3 Rxe3+ 18. Nf3 Re4 19. Bxg4 Bxg4+ 20. Kh2 Bxf3 21. gxf3 Qd6+ 0-1

[Event "CZE Team Ch"]
[Site "Czech Republic"]
[Date "1994.??.??"]
[Round "?"]
[White "Firt, Stanislav"]
[Black "Jirovsky, Pavel"]
[Result "1/2-1/2"]
[WhiteElo "2380"]
[BlackElo "2335"]
[PlyCount "85"]
[EventDate "1994.??.??"]
[Source "www.chesslib.no"]
[SourceDate "2004.05.04"]

1. d4 d5 2. c4 e6 3. Nc3 Nf6 4. Bg5 Nbd7 5. e3 Bb4 6. cxd5 exd5 7. Bd3 c5 8. Nge2 c4 9. Bc2 Qa5 10. O-O O-O 11. a3 Bd6 12. Ng3 Bxg3 13. fxg3 Qb6 14. Rf2 h6 15. Bf4 Re8 16. Qf3 Qc6 17. Ba4 Qe6 18. Nb5 Qa6 19. Nc7 Qxa4 20. Nxa8 Qc6 21. Nc7 Re7 22. b3 c3 23. Rc1 Ne4 24. Rfc2 g5 25. Nxd5 Qxd5 26. Rxc3 Nxc3 27. Rxc3 Qxf3 28. Rxc8+ Kg7 29. gxf3 gxf4 30. exf4 Nb6 31. Rb8 Nd5 32. Kf2 Nc3 33. h4 a6 34. g4 Nd1+ 35. Kg3 Ne3 36. f5 Rd7 37. Kf4 Ng2+ 38. Kg3 Ne1 39. g5 Nc2 40. f6+ Kh7 41. f4 Nxa3 42. d5 Nc2 43. Re8 1/2-1/2

[Event "It Open"]
[Site "Koblenz"]
[Date "1990.??.??"]
[Round "7"]
[White "Leko, Peter"]
[Black "Hoffmann, Michael"]
[Result "1/2-1/2"]
[WhiteElo "2240"]
[BlackElo "2465"]
[PlyCount "43"]
[EventDate "1990.??.??"]
[Source "www.chesslib.no"]
[SourceDate "2004.05.04"]

1. d4 d5 2. c4 e6 3. Nc3 Nf6 4. Bg5 Nbd7 5. e3 c6 6. a3 Be7 7. Nf3 O-O 8. Bd3 c5 9. cxd5 Nxd5 10. Bxe7 Qxe7 11. Ne4 cxd4 12. Nxd4 N7f6 13. O-O Rd8 14. Qe2 e5 15. Nxf6+ Qxf6 16. Nf3 Qe7 17. Bc4 Bg4 18. Bxd5 Rxd5 19. e4 Rd4 20. Qe3 Bxf3 21. Qxf3 Rad8 22. Rfd1 1/2-1/2

[Event "NOR Ch"]
[Site "Kristiansand"]
[Date "1987.??.??"]
[Round "?"]
[White "Tiller, Bjorn"]
[Black "Lauvsnes, Arild"]
[Result "1/2-1/2"]
[WhiteElo "2410"]
[BlackElo "2290"]
[PlyCount "124"]
[EventDate "1987.??.??"]
[Source "www.chesslib.no"]
[SourceDate "2004.05.04"]

1. d4 d5 2. c4 e6 3. Nc3 Nf6 4. Bg5 Nbd7 5. e3 c6 6. a3 Be7 7. Nf3 O-O 8. Qc2 a6 9. Rd1 b5 10. c5 Nh5 11. Bxe7 Qxe7 12. Bd3 f5 13. b4 Nhf6 14. a4 e5 15. Bxf5 e4 16. Bxd7 Nxd7 17. Nd2 Qg5 18. O-O Nf6 19. f4 exf3 20. Nxf3 Qxe3+ 21. Kh1 Ng4 22. Qd2 Bf5 23. Rde1 Qxd2 24. Nxd2 Bd3 25. Rxf8+ Rxf8 26. h3 Nf2+ 27. Kg1 bxa4 28. Nxa4 Bb5 29. Nb2 Rf4 30. Nf3 Nxh3+ 31. Kh2 Nf2 32. Kg3 g5 33. Kxf2 g4 34. Kg3 gxf3 35. Kxf4 f2 36. Rc1 f1=Q+ 37. Rxf1 Bxf1 38. g3 Kf7 39. Ke5 Kg6 40. Nd1 Kg5 41. Ne3 Bb5 42. Nxd5 cxd5 43. Kxd5 Kg4 44. Ke6 Kxg3 45. d5 h5 46. c6 h4 47. c7 Be2 48. d6 h3 49. d7 Bg4+ 50. Kd6 Bxd7 51. Kxd7 h2 52. c8=Q h1=Q 53. Qxa6 Qh7+ 54. Kc8 Qf5+ 55. Kc7 Qf7+ 56. Kb6 Qf2+ 57. Kb7 Qf7+ 58. Kb6 Qf2+ 59. Kc6 Qf6+ 60. Kb5 Qe5+ 61. Kb6 Qd4+ 62. Ka5 Qa1+ 1/2-1/2